[Event "World Championship...or at least a tournament"]
[Site "SchemingMind.com"]
[Date "2004.05.11"]
[Round "-"]
[White "refutor"]
[Black "Stephen"]
[Result "0-1"]
[WhiteCountry "CAN"]
[BlackCountry "ENG"]
[WhiteElo "1545"]
[WhiteRD "66"]
[BlackElo "1829"]
[BlackRD "84"]
[GameID "2177"]

1. f4 d5 2. Nf3 Nf6 3. b3 g6 4. Bb2 Bg7 5. e3 O-O 6. Be2 c5 7. O-O Nc6 8. c4 Bg4 9. cxd5 Qxd5 10. Nc3 Qd8
11. Qc2 Nb4 12. Qc1 b6 13. a3 Nd3 14. Bxd3 Qxd3 15. Ne5 Qa6 16. Nxg4 Nxg4 17. Nd5 Qb7 18. Bxg7 Kxg7 19. Qc3+ Kg8 20. h3 Qxd5
21. hxg4 Rfd8 22. Rf2 Qd3 23. Qxd3 Rxd3 24. b4 Rc8 25. bxc5 Rxc5 26. Kf1 e6 27. Ke1 Kg7 28. g3 b5 29. Ke2 Rcd5 30. Kd1 Rxe3
31. a4 a6 32. axb5 axb5 33. Rg2 Red3 34. Rb1 R3d4 35. g5 e5 36. fxe5 Rxe5
0-1

[Event "World Championship...or at least a tournament"]
[Site "SchemingMind.com"]
[Date "2004.05.11"]
[Round "-"]
[White "sacriflex"]
[Black "Stephen"]
[Result "0-1"]
[WhiteCountry "CAN"]
[BlackCountry "ENG"]
[WhiteElo "1546"]
[WhiteRD "96"]
[BlackElo "1829"]
[BlackRD "84"]
[GameID "2178"]

1. e4 d5 2. exd5 Qxd5 3. Nc3 Qa5 4. d3 Nf6 5. Bd2 Bg4 6. Be2 Bxe2 7. Ngxe2 Nbd7 8. Ne4 Qb6 9. Bc3 Nxe4 10. dxe4 O-O-O
11. O-O e5 12. Kh1 f6 13. f4 Bd6 14. fxe5 Nxe5 15. Qd5 Qe3 16. Qe6+ Kb8 17. Nd4 Qh6 18. g3 Rhe8 19. Qb3 Kc8 20. Ne6 Ng4
21. h4 Bxg3 22. Nxd8 Qxh4+ 23. Kg2 Ne3+
0-1

[Event "World Championship...or at least a tournament"]
[Site "SchemingMind.com"]
[Date "2004.05.12"]
[Round "-"]
[White "cleverman"]
[Black "Austin Lockwood"]
[Result "1/2-1/2"]
[WhiteCountry "USA"]
[BlackCountry "ENG"]
[WhiteElo "1609"]
[WhiteRD "74"]
[BlackElo "1642"]
[BlackRD "68"]
[GameID "2190"]

1. e4 e5 2. Nf3 d6 3. d4 exd4 4. Nxd4 g6 5. c4 Bg7 6. Nc3 Nf6 7. Be2 O-O 8. O-O Nc6 9. Be3 Nxd4 10. Bxd4 Re8
11. Qc2 b6 12. Rad1 Bb7 13. f3 Nh5 14. g4 Nf4 15. Bxg7 Kxg7 16. Qd2 Qg5 17. Nd5 Bxd5 18. cxd5 Nxe2+ 19. Qxe2 f5 20. Qd2 Qxd2
21. Rxd2 fxg4 22. Re2 gxf3 23. Rxf3 Rf8 24. Rc3 Rac8 25. e5 dxe5 26. Rxe5 Rf5 27. Re7+ Rf7 28. Re6 Rd8 29. Rd3 Rdd7=
1/2-1/2

[Event "World Championship...or at least a tournament"]
[Site "SchemingMind.com"]
[Date "2004.05.12"]
[Round "-"]
[White "cleverman"]
[Black "Stephen"]
[Result "0-1"]
[WhiteCountry "USA"]
[BlackCountry "ENG"]
[WhiteElo "1609"]
[WhiteRD "74"]
[BlackElo "1829"]
[BlackRD "84"]
[GameID "2191"]

1. e4 d5 2. exd5 Qxd5 3. Nc3 Qa5 4. d4 Nf6 5. Nf3 c6 6. Bc4 Bf5 7. O-O e6 8. Bf4 Nbd7 9. Ne5 Be7 10. Re1 O-O
11. Qf3 Bxc2 12. Bb3 Bxb3 13. axb3 Qb6 14. Ne4 Nxe5 15. dxe5 Nxe4 16. Rxe4 Rfd8
0-1

[Event "World Championship...or at least a tournament"]
[Site "SchemingMind.com"]
[Date "2004.05.12"]
[Round "-"]
[White "cleverman"]
[Black "Gary"]
[Result "1-0"]
[WhiteCountry "USA"]
[BlackCountry "ENG"]
[WhiteElo "1609"]
[WhiteRD "74"]
[BlackElo "1648"]
[BlackRD "67"]
[GameID "2192"]

1. e4 c5 2. Nf3 Nc6 3. d4 cxd4 4. Nxd4 Nf6 5. Nc3 d6 6. Be2 g6 7. Be3 Bg7 8. f3 O-O 9. Qd2 Qd7 10. O-O-O b6
11. g4 Bb7 12. g5 Ne8 13. h4 Rc8 14. h5 Nc7 15. hxg6 fxg6 16. Bc4+ e6 17. Qh2 Be5 18. f4 Bxd4 19. Bxd4 Nxd4 20. Rxd4 Rf7
21. f5 exf5 22. Qxh7+ Kf8 23. Bxf7 Qxf7 24. Qxf7+ Kxf7 25. Rxd6
1-0

[Event "World Championship...or at least a tournament"]
[Site "SchemingMind.com"]
[Date "2004.05.12"]
[Round "-"]
[White "cleverman"]
[Black "loco61"]
[Result "0-1"]
[WhiteCountry "USA"]
[BlackCountry "ENG"]
[WhiteElo "1609"]
[WhiteRD "74"]
[BlackElo "1639"]
[BlackRD "74"]
[GameID "2193"]

1. e4 e5 2. Nf3 Nc6 3. Bb5 d6 4. d4 a6 5. Ba4 b5 6. Bb3 Bg4 7. Bxf7+ Kxf7 8. Ng5+ Qxg5 9. Bxg5 Bxd1 10. Kxd1 Nxd4
11. Nc3 h6 12. Bh4 g5 13. Bg3 Nf6 14. Re1 h5 15. h4 g4 16. f4 exf4 17. Bxf4 Bh6 18. Bg3 Rhe8 19. e5 dxe5 20. Bxe5 c5
21. a4 b4 22. Bxf6 Rxe1+
0-1

[Event "World Championship...or at least a tournament"]
[Site "SchemingMind.com"]
[Date "2004.05.12"]
[Round "-"]
[White "cleverman"]
[Black "refutor"]
[Result "1-0"]
[WhiteCountry "USA"]
[BlackCountry "CAN"]
[WhiteElo "1639"]
[WhiteRD "81"]
[BlackElo "1589"]
[BlackRD "77"]
[GameID "2194"]

1. e4 c6 2. Nf3 d5 3. exd5 cxd5 4. d4 Nf6 5. c4 e6 6. Nc3 Bb4 7. Bg5 O-O 8. Be2 dxc4 9. Bxc4 Nc6 10. O-O h6
11. Bh4 Be7 12. Bg3 b6 13. d5 exd5 14. Nxd5 Bb7 15. Re1 Qc8 16. Nxe7+ Nxe7 17. Rxe7 Qxc4 18. Rxb7 Rad8 19. Qb3 Qe2 20. Ne5 Ne4
21. Nxf7 Kh7 22. Nxd8
1-0

[Event "World Championship...or at least a tournament"]
[Site "SchemingMind.com"]
[Date "2004.05.12"]
[Round "-"]
[White "cleverman"]
[Black "sacriflex"]
[Result "1-0"]
[WhiteCountry "USA"]
[BlackCountry "CAN"]
[WhiteElo "1649"]
[WhiteRD "79"]
[BlackElo "1374"]
[BlackRD "78"]
[GameID "2195"]

1. c4 Nf6 2. Nc3 d5 3. cxd5 Nxd5 4. Nf3 g6 5. g3 Bg7 6. Bg2 O-O 7. O-O c6 8. d4 Bf5 9. Re1 Nd7 10. Qb3 Qb6
11. e4 Nxc3 12. bxc3 Qxb3 13. axb3 Bg4 14. h3 Be6 15. Bf4 Rfe8 16. Ng5 Bxb3 17. Reb1 Bc4 18. Rxb7 Nb6 19. Raxa7 Rxa7 20. Rxa7 h6
21. Nf3 g5 22. Bc7 Nd7 23. Ba5 Nf6 24. Ne5 Bb5 25. Bb4 Nh7 26. Rxe7 Rxe7 27. Bxe7
1-0

[Event "World Championship...or at least a tournament"]
[Site "SchemingMind.com"]
[Date "2004.05.12"]
[Round "-"]
[White "Austin Lockwood"]
[Black "cleverman"]
[Result "1-0"]
[WhiteCountry "ENG"]
[BlackCountry "USA"]
[WhiteElo "1642"]
[WhiteRD "68"]
[BlackElo "1609"]
[BlackRD "74"]
[GameID "2196"]

1. g3 e5 2. Bg2 d5 3. d4 e4 4. Nc3 f5 5. Nh3 Nf6 6. O-O Be6 7. Bg5 Be7 8. Nf4 Bf7 9. e3 c6 10. Bh3 g6
11. g4 h6 12. Bxf6 Bxf6 13. gxf5 gxf5 14. Bxf5 Rg8+ 15. Kh1 Qd6 16. Rg1 Bg5 17. Nh3 Be6 18. Bxe6 Qxe6 19. Qh5+ Ke7 20. Nxg5 hxg5
21. Rxg5 Rf8 22. Re5 Qxe5 23. Qxe5+ Kd7 24. Qg7+ Ke8 25. Qxb7
1-0

[Event "World Championship...or at least a tournament"]
[Site "SchemingMind.com"]
[Date "2004.05.12"]
[Round "-"]
[White "Stephen"]
[Black "cleverman"]
[Result "1-0"]
[WhiteCountry "ENG"]
[BlackCountry "USA"]
[WhiteElo "1829"]
[WhiteRD "84"]
[BlackElo "1609"]
[BlackRD "74"]
[GameID "2197"]

1. d4 d5 2. Nf3 Nf6 3. Bg5 Bf5 4. e3 Nbd7 5. Bd3 e6 6. O-O Bd6 7. Bxf5 exf5 8. Nbd2 O-O 9. c4 c6 10. cxd5 cxd5
11. Rc1 h6 12. Bxf6 Qxf6 13. Qb3 Nb6 14. Rc2 f4 15. e4 dxe4 16. Nxe4 Qd8 17. Nc5 g5 18. Nxb7 Qd7 19. Nxd6
1-0

[Event "World Championship...or at least a tournament"]
[Site "SchemingMind.com"]
[Date "2004.05.12"]
[Round "-"]
[White "Gary"]
[Black "cleverman"]
[Result "1/2-1/2"]
[WhiteCountry "ENG"]
[BlackCountry "USA"]
[WhiteElo "1632"]
[WhiteRD "61"]
[BlackElo "1649"]
[BlackRD "79"]
[GameID "2198"]

1. c4 e5 2. Nc3 Nf6 3. g3 d5 4. cxd5 Nxd5 5. Bg2 Be6 6. e3 c6 7. Nge2 Be7 8. O-O O-O 9. a3 Na6 10. b4 Nac7
11. Bb2 f6 12. d4 exd4 13. Nxd4 Bf7 14. Nf5 Re8 15. e4 Nb6 16. Nxe7+ Qxe7 17. Rc1 Rad8 18. Qc2 Nc4 19. Rfd1 Ne6 20. Ne2 Nxb2
21. Qxb2 Ng5 22. f3 Rxd1+ 23. Rxd1 f5 24. Nc3 Qf6 25. h4 Ne6 26. Qa1 f4 27. Ne2 Qxa1 28. Rxa1 fxg3 29. Nxg3 Nf4 30. Bf1 Rd8
31. Kf2 Nd3+ 32. Ke3 Ne5 33. Be2=
1/2-1/2

[Event "World Championship...or at least a tournament"]
[Site "SchemingMind.com"]
[Date "2004.05.12"]
[Round "-"]
[White "loco61"]
[Black "cleverman"]
[Result "0-1"]
[WhiteCountry "ENG"]
[BlackCountry "USA"]
[WhiteElo "1639"]
[WhiteRD "74"]
[BlackElo "1609"]
[BlackRD "74"]
[GameID "2199"]

1. e4 c5 2. Nf3 Nc6 3. d4 cxd4 4. Nxd4 Nf6 5. Nc3 g6 6. Bg5 Bg7 7. Qd3 O-O 8. O-O-O d6 9. f4 Ng4 10. Nxc6 bxc6
11. Rd2 Qb6 12. Bh4 Rb8 13. b3 Qb4 14. Na4 Qa3+ 15. Kd1 Qxa2 16. Bxe7 Qa1+ 17. Ke2 Re8 18. Bxd6 Rb7 19. h3 Nf6 20. e5 Bf5
21. Qa6 Rbe7 22. Bxe7 Rxe7 23. Qxc6 Ne4 24. Rd8+ Bf8 25. Kf3 Qe1
0-1

[Event "World Championship...or at least a tournament"]
[Site "SchemingMind.com"]
[Date "2004.05.12"]
[Round "-"]
[White "refutor"]
[Black "cleverman"]
[Result "1/2-1/2"]
[WhiteCountry "CAN"]
[BlackCountry "USA"]
[WhiteElo "1545"]
[WhiteRD "66"]
[BlackElo "1609"]
[BlackRD "74"]
[GameID "2200"]

1. f4 d5 2. Nf3 Nf6 3. b3 Bf5 4. Bb2 Nbd7 5. e3 e6 6. Be2 Be7 7. O-O O-O 8. c4 c6 9. d4 Ne4 10. Nbd2 f6
11. Nxe4 Bxe4 12. Bd3 Bxd3 13. Qxd3 c5 14. dxc5 Nxc5 15. Qd2 Ne4 16. Qd4 Bc5 17. Qd3 Qb6 18. Bd4 Rad8 19. Bxc5 Nxc5 20. Qd4 Nd7
21. Qxb6 Nxb6 22. c5 Nd7 23. b4=
1/2-1/2

[Event "World Championship...or at least a tournament"]
[Site "SchemingMind.com"]
[Date "2004.05.12"]
[Round "-"]
[White "sacriflex"]
[Black "cleverman"]
[Result "0-1"]
[WhiteCountry "CAN"]
[BlackCountry "USA"]
[WhiteElo "1439"]
[WhiteRD "81"]
[BlackElo "1634"]
[BlackRD "78"]
[GameID "2201"]

1. e4 e6 2. d4 d5 3. Nc3 Bb4 4. e5 Ne7 5. a3 Ba5 6. b4 Bb6 7. Na4 c6 8. Nc5 O-O 9. Nf3 a5 10. Bb2 Nd7
11. Bd3 Re8 12. O-O Nf8 13. Ng5 h6 14. Qh5 Nf5 15. Qxf7+ Kh8 16. Qh5 Qxg5 17. Qxg5 hxg5 18. f4 g4 19. g3 Bxc5 20. bxc5 Ne3
21. Rf2 g6 22. Re1 Kg7 23. Rxe3 Nh7 24. c4 Rf8 25. cxd5= cxd5 26. a4 Bd7 27. Bb5 Bxb5
0-1

[Event "World Championship...or at least a tournament"]
[Site "SchemingMind.com"]
[Date "2004.05.12"]
[Round "-"]
[White "Quux"]
[Black "Austin Lockwood"]
[Result "0-1"]
[WhiteCountry "SWE"]
[BlackCountry "ENG"]
[WhiteElo "1611"]
[WhiteRD "170"]
[BlackElo "1642"]
[BlackRD "68"]
[GameID "2227"]

1. e4 e5 2. Nf3 d6 3. d4 exd4 4. Nxd4 g6 5. c4 Bg7 6. Be3 Nf6 7. Nc3 O-O 8. Be2 Re8 9. Bf3 Nbd7 10. O-O Nc5
11. Qd2 Bg4 12. Bh6 Bxh6 13. Qxh6 Bxf3 14. Nxf3 Ncxe4 15. Nxe4 Rxe4 16. Rac1 Qd7 17. Rfe1 Rxe1+ 18. Rxe1 Re8 19. Rc1 d5 20. cxd5 Qxd5
21. h3 Qxa2 22. Rxc7 Qxb2 23. Ng5 Re1+ 24. Kh2 Qe5+
0-1

[Event "World Championship...or at least a tournament"]
[Site "SchemingMind.com"]
[Date "2004.05.12"]
[Round "-"]
[White "Quux"]
[Black "cleverman"]
[Result "0-1"]
[WhiteCountry "SWE"]
[BlackCountry "USA"]
[WhiteElo "1563"]
[WhiteRD "116"]
[BlackElo "1634"]
[BlackRD "78"]
[GameID "2228"]

1. e4 e6 2. d4 d5 3. e5 c5 4. Nf3 Nc6 5. c3 Nge7 6. Bb5 Ng6 7. O-O Be7 8. Be3 O-O 9. Nbd2 Qb6 10. Bxc6 bxc6
11. Nb3 c4 12. Ng5 cxb3 13. Qh5 h6 14. Nf3 a5 15. axb3 Qxb3 16. Rfb1 a4 17. Nd2 Qb5 18. Ra3 Bxa3 19. bxa3 Qd3 20. Rc1 Ba6
21. g4 Rab8 22. g5 hxg5 23. Bxg5 Rb2 24. Qd1 Rfb8 25. Qf1 Qxf1+ 26. Nxf1 Bxf1 27. Kxf1 Rb1 28. Rxb1 Rxb1+ 29. Kg2 Rb3 30. f4 Rxa3
31. Kg3 Rxc3+ 32. Kg4 a3 33. h4 a2 34. h5 Nxe5+ 35. dxe5 a1=Q
0-1

[Event "World Championship...or at least a tournament"]
[Site "SchemingMind.com"]
[Date "2004.05.12"]
[Round "-"]
[White "Quux"]
[Black "Stephen"]
[Result "1/2-1/2"]
[WhiteCountry "SWE"]
[BlackCountry "ENG"]
[WhiteElo "1611"]
[WhiteRD "170"]
[BlackElo "1829"]
[BlackRD "84"]
[GameID "2229"]

1. e4 d5 2. exd5 Qxd5 3. Nc3 Qa5 4. d4 Nf6 5. Bd2 Qb6 6. Bc1 Bg4 7. Be2 Bxe2 8. Ngxe2 c6 9. O-O e6 10. b3 Bd6
11. Bb2 Nbd7 12. a4 O-O 13. a5 Qc7 14. h3 a6 15. Ng3 Bxg3 16. fxg3 Qxg3 17. Qf3 Qxf3 18. Rxf3 Nd5 19. Ne4 N5f6 20. Nxf6+ Nxf6
21. c4 Nd7 22. Rg3 g6 23. h4 h5 24. Rg5 Rad8 25. d5 cxd5 26. cxd5 exd5 27. Rxd5 Nb8 28. Rxd8 Rxd8 29. Rf1=
1/2-1/2

[Event "World Championship...or at least a tournament"]
[Site "SchemingMind.com"]
[Date "2004.05.12"]
[Round "-"]
[White "Quux"]
[Black "Gary"]
[Result "1-0"]
[WhiteCountry "SWE"]
[BlackCountry "ENG"]
[WhiteElo "1545"]
[WhiteRD "105"]
[BlackElo "1632"]
[BlackRD "61"]
[GameID "2230"]

1. e4 c5 2. Nf3 d6 3. d4 cxd4 4. Nxd4 Nf6 5. Nc3 a6 6. f3 Nc6 7. Be3 e6 8. Qd2 Be7 9. Nxc6 bxc6 10. O-O-O O-O
11. Bc4 d5 12. exd5 cxd5 13. Bb3 Bd7 14. h4 Rc8 15. h5 Bc5 16. Bxc5 Rxc5 17. h6 g6 18. g4 Bc6 19. Rhf1 e5 20. f4 Nxg4
21. f5 d4 22. Ne2 Ne3 23. fxg6 Nxf1 24. gxh7+ Kxh7 25. Rxf1 f5 26. Rg1 Be4 27. Rg7+ Kh8 28. Ra7 Bxc2 29. Bxc2 d3 30. Nc3 dxc2
31. Qxc2 Qg5+ 32. Kb1 Qxh6 33. a3 Qh1+ 34. Ka2 Qf1 35. Qh2+
1-0

[Event "World Championship...or at least a tournament"]
[Site "SchemingMind.com"]
[Date "2004.05.12"]
[Round "-"]
[White "Quux"]
[Black "loco61"]
[Result "0-1"]
[WhiteCountry "SWE"]
[BlackCountry "ENG"]
[WhiteElo "1545"]
[WhiteRD "105"]
[BlackElo "1660"]
[BlackRD "74"]
[GameID "2231"]

1. d4 Nf6 2. c4 d5 3. Nc3 c5 4. Nf3 cxd4 5. Nxd4 e6 6. cxd5 Nxd5 7. Nxd5 Qxd5 8. e3 e5 9. Nf3 Qxd1+ 10. Kxd1 Nc6
11. Bb5 Bd7 12. Bxc6 Bxc6 13. Nxe5 Bxg2 14. Rg1 Bd5 15. b3 Bd6 16. f4 O-O 17. h4 f6 18. Nc4 Bc5 19. h5 h6 20. Re1 Rad8
21. Kc2 b5 22. Ba3 Be4+ 23. Kb2 Bxa3+ 24. Nxa3 b4 25. Nc4 Bf3 26. a3 bxa3+ 27. Rxa3 Rf7 28. e4 Bxh5 29. e5 fxe5 30. fxe5 g5
31. e6 Re7 32. Ra6 Kg7 33. Rea1 Kf6 34. Rxa7 Rxa7 35. Rxa7 Re8 36. e7 g4 37. Ne3 g3 38. b4 Bf3 39. b5 h5 40. b6 g2
41. Nxg2 Bxg2 42. Rc7 Kf7 43. b7 Bxb7 44. Rxb7 Rxe7 45. Rb4 Kf6 46. Kc3 Kg5 47. Kd2 h4 48. Rb1 h3 49. Rh1 Kg4 50. Rg1+ Kh4
0-1

[Event "World Championship...or at least a tournament"]
[Site "SchemingMind.com"]
[Date "2004.05.12"]
[Round "-"]
[White "Quux"]
[Black "refutor"]
[Result "1-0"]
[WhiteCountry "SWE"]
[BlackCountry "CAN"]
[WhiteElo "1611"]
[WhiteRD "170"]
[BlackElo "1545"]
[BlackRD "66"]
[GameID "2232"]

1. e4 c6 2. Nf3 d5 3. d4 dxe4 4. Ng5 Nf6 5. Nc3 Bf5 6. Bc4 e6 7. O-O h6 8. Nh3 Bxh3 9. gxh3 Bd6 10. Re1 O-O
11. Nxe4 Nxe4 12. Rxe4 Nd7 13. Rg4 Nf6 14. Rg2 Qb6 15. Bxh6 Kh7 16. Bxg7 Rg8 17. Qd3+
1-0

[Event "World Championship...or at least a tournament"]
[Site "SchemingMind.com"]
[Date "2004.05.12"]
[Round "-"]
[White "Quux"]
[Black "sacriflex"]
[Result "1-0"]
[WhiteCountry "SWE"]
[BlackCountry "CAN"]
[WhiteElo "1563"]
[WhiteRD "116"]
[BlackElo "1439"]
[BlackRD "81"]
[GameID "2233"]

1. e4 Nf6 2. Nc3 e5 3. f4 d5 4. fxe5 Nxe4 5. Nxe4 dxe4 6. d3 Qd5 7. dxe4 Qxe4+ 8. Qe2 Qxe2+ 9. Bxe2 Bc5 10. Nf3 O-O
11. Bd2 Bf5 12. O-O-O Nc6 13. Rhf1 Rad8 14. Bc3 Be3+ 15. Kb1 Rfe8 16. Rxd8 Rxd8 17. Ng5 Bg6 18. Bd3 Bxg5 19. Bxg6 fxg6 20. e6 Ne7
21. a3 Rf8 22. Rd1 Re8 23. Rd7 Rc8 24. Bb4 c5 25. Bc3 b5 26. Rxa7 c4 27. b3
1-0

[Event "World Championship...or at least a tournament"]
[Site "SchemingMind.com"]
[Date "2004.05.13"]
[Round "-"]
[White "Austin Lockwood"]
[Black "Quux"]
[Result "1-0"]
[WhiteCountry "ENG"]
[BlackCountry "SWE"]
[WhiteElo "1645"]
[WhiteRD "69"]
[BlackElo "1563"]
[BlackRD "116"]
[GameID "2234"]

1. e4 c5 2. Nf3 d6 3. d4 cxd4 4. Nxd4 Nf6 5. Bd3 g6 6. O-O Bg7 7. Nc3 O-O 8. Be3 Nc6 9. Nxc6 bxc6 10. f3 Rb8
11. b3 c5 12. Qd2 Re8 13. Rad1 Qa5 14. a4 Be6 15. Bb5 Red8 16. Qd3 d5 17. Bxc5 dxe4 18. fxe4 Rxd3 19. Rxd3 Ng4 20. Nd5 Bxd5
21. exd5 Bf8 22. Rg3 Qc7 23. Bd4 Nf6 24. Rc3 Qd8 25. Rd3 Nxd5 26. Bxa7 Rc8 27. c4 Qc7 28. Bf2 Nb4 29. Rd7 Qb8 30. a5 Qa8
31. a6 Nxa6 32. Ra1 Qe4 33. Bxa6 Ra8 34. Re1 Qc2 35. Bb7 Ra2 36. Rf1 Qxb3 37. c5 Rb2 38. Bd5 Qb5 39. Bd4 h5 40. Bxf7+ Kh7
41. Be8 Rb1 42. Rxe7+ Bxe7 43. Bxb5 Rxb5 44. Rf7+ Kh6 45. Rxe7 g5 46. c6 Rb8 47. c7 Rc8 48. Bg7+ Kg6 49. g3 g4= 50. Kg2 Kh7
51. Be5+ Kg6 52. Kf2 Kf5 53. Ke3 Kg6 54. Kf4 Rf8+ 55. Ke4 Rc8 56. Rg7+ Kh6 57. Kf5 Rf8+ 58. Bf6 Rc8 59. Rf7 Rg8 60. c8=Q
1-0

[Event "World Championship...or at least a tournament"]
[Site "SchemingMind.com"]
[Date "2004.05.12"]
[Round "-"]
[White "cleverman"]
[Black "Quux"]
[Result "1-0"]
[WhiteCountry "USA"]
[BlackCountry "SWE"]
[WhiteElo "1649"]
[WhiteRD "79"]
[BlackElo "1545"]
[BlackRD "105"]
[GameID "2235"]

1. e4 c5 2. Nf3 d6 3. d4 cxd4 4. Nxd4 Nf6 5. Nc3 g6 6. Be2 Bg7 7. Be3 O-O 8. f3 Nc6 9. Qd2 Bd7 10. O-O-O Rc8
11. g4 h5 12. h3 Qa5 13. gxh5 Nb4 14. Kb1 Rxc3 15. Qxc3 Rc8 16. Qa3 Qxa3 17. bxa3 Nc6 18. hxg6 fxg6 19. Bc4+ Kh8 20. Ne6 Bxe6
21. Bxe6 Rc7 22. h4 Ne5 23. h5 Nxh5 24. Bg4 Kg8 25. Bxh5 gxh5 26. Rxh5 Nxf3 27. Rf1 Nd4 28. Bxd4 Bxd4 29. Rg5+ Bg7 30. Rfg1 e6
31. e5 dxe5 32. Rxe5 Re7 33. Reg5 e5 34. Kc1 e4 35. Kd2 Kf8 36. Rf1+ Ke8 37. Rc5 e3+ 38. Ke2 a6 39. Rf3 Bd4 40. Rc4 Bb6
41. Rc3 Kd8 42. Rf8+ Kd7 43. Rd3+ Kc6 44. Rc8+ Kb5 45. Rb3+ Ka5 46. Rc4 Re5 47. Rcb4
1-0

[Event "World Championship...or at least a tournament"]
[Site "SchemingMind.com"]
[Date "2004.05.13"]
[Round "-"]
[White "Stephen"]
[Black "Quux"]
[Result "1/2-1/2"]
[WhiteCountry "ENG"]
[BlackCountry "SWE"]
[WhiteElo "1829"]
[WhiteRD "84"]
[BlackElo "1611"]
[BlackRD "170"]
[GameID "2236"]

1. d4 e5 2. dxe5 Nc6 3. Nf3 Qe7 4. e4 Nxe5 5. Nc3 Nf6 6. Bg5 Qd6 7. Nxe5 Qxe5 8. f4 Qc5 9. Qd2 d6 10. O-O-O Be7
11. Be2 Bg4 12. h3 Bxe2 13. Qxe2 O-O 14. e5 dxe5 15. fxe5 Nd7 16. Bxe7 Qxe7 17. Qb5 Nb6 18. Rhe1 a6 19. Qe2 Rad8 20. Rd3 Rxd3
21. cxd3 Nd7 22. d4 c5 23. d5 Re8 24. e6 fxe6 25. dxe6 Nb6 26. Qe4 Nc8 27. Nd5 Qd6 28. Re3 Ne7=
1/2-1/2

[Event "World Championship...or at least a tournament"]
[Site "SchemingMind.com"]
[Date "2004.05.13"]
[Round "-"]
[White "Gary"]
[Black "Quux"]
[Result "1/2-1/2"]
[WhiteCountry "ENG"]
[BlackCountry "SWE"]
[WhiteElo "1655"]
[WhiteRD "65"]
[BlackElo "1563"]
[BlackRD "116"]
[GameID "2237"]

1. c4 e5 2. Nc3 Nf6 3. g3 d5 4. cxd5 Nxd5 5. Bg2 Nxc3 6. bxc3 Nc6 7. e3 Bf5 8. d4 exd4 9. cxd4 Qd7 10. Ne2 Bd6
11. O-O Bh3 12. d5 Bxg2 13. Kxg2 Ne5 14. Bb2 O-O 15. Rc1 c6 16. Bxe5 Bxe5 17. dxc6 Qxd1 18. Rfxd1 bxc6 19. Rxc6 Rfc8 20. Rdc1 Rxc6
21. Rxc6 h6 22. f4 Bb2 23. Kf3 a5 24. a4 g6 25. Nd4=
1/2-1/2

[Event "World Championship...or at least a tournament"]
[Site "SchemingMind.com"]
[Date "2004.05.13"]
[Round "-"]
[White "loco61"]
[Black "Quux"]
[Result "1-0"]
[WhiteCountry "ENG"]
[BlackCountry "SWE"]
[WhiteElo "1639"]
[WhiteRD "74"]
[BlackElo "1611"]
[BlackRD "170"]
[GameID "2238"]

1. e4 e5 2. Nf3 Nc6 3. Bc4 Bc5 4. d3 Nf6 5. h3 O-O 6. O-O d6 7. Bg5 Qe7 8. Nbd2 Be6 9. a3 Nd4 10. Nxd4 Bxd4
11. c3 Bb6 12. Qe2 Bxc4 13. Nxc4 Bc5 14. d4 exd4 15. e5 dxe5 16. cxd4 Bxd4 17. Rad1 Rfd8 18. Bf4 e4 19. Rfe1 c6 20. g4 Nxg4
21. hxg4 b5 22. Qxe4 Qxe4 23. Rxe4
1-0

[Event "World Championship...or at least a tournament"]
[Site "SchemingMind.com"]
[Date "2004.05.13"]
[Round "-"]
[White "refutor"]
[Black "Quux"]
[Result "1-0"]
[WhiteCountry "CAN"]
[BlackCountry "SWE"]
[WhiteElo "1536"]
[WhiteRD "63"]
[BlackElo "1563"]
[BlackRD "116"]
[GameID "2239"]

1. f4 e5 2. e4 exf4 3. Nf3 g5 4. h4 g4 5. Ng5 h6 6. Nxf7 Kxf7 7. Bc4+ Ke8 8. Qxg4 d5 9. Qg6+ Kd7 10. Bxd5 Qf6
11. Qg4+ Kd8 12. Qf3 Bc5 13. c3 Ne7 14. d4 Nxd5 15. dxc5 Ne7 16. Bxf4 Qc6 17. b4 Rf8 18. Bxc7+ Ke8 19. Qh5+ Kd7 20. Bd6 Qxe4+
21. Qe2 Qxe2+ 22. Kxe2 Re8 23. Kf3 b6 24. Na3 bxc5 25. Bxc5 Bb7+ 26. Kg3 Rg8+ 27. Kf2 Rxg2+ 28. Kf1 Rg3 29. Rd1+ Kc7 30. Bxe7 Bxh1
31. Bd6+ Kb7 32. Bxg3 Nc6 33. Rd7+ Kb6 34. Bc7+ Kb7 35. b5 Rf8+ 36. Kg1 Be4 37. bxc6+ Kxc6 38. Re7 Bd5 39. c4 Bg8 40. Rg7 Kc5
41. Kg2 Bxc4 42. Nxc4 Kxc4 43. Bd6 Ra8 44. Rh7 Rg8+ 45. Kf3 Rg6 46. Bf4 Ra6 47. Bxh6 Rxa2 48. Bg5 a5 49. Ra7 a4 50. Be7 Kb3
51. Kg4 Rg2+ 52. Kh3 Rg7 53. Bc5 Rxa7 54. Bxa7 Kc4 55. Be3 a3 56. Bc1 a2 57. Bb2 Kd5 58. Kg4 Ke6 59. h5 Kf7 60. Kg5 Kg8
61. h6 Kh7 62. Kh5
1-0

[Event "World Championship...or at least a tournament"]
[Site "SchemingMind.com"]
[Date "2004.05.14"]
[Round "-"]
[White "sacriflex"]
[Black "Quux"]
[Result "0-1"]
[WhiteCountry "CAN"]
[BlackCountry "SWE"]
[WhiteElo "1439"]
[WhiteRD "81"]
[BlackElo "1563"]
[BlackRD "116"]
[GameID "2240"]

1. e4 c5 2. Nf3 d6 3. d4 cxd4 4. Nxd4 Nf6 5. Nc3 Nc6 6. Be2 e6 7. O-O Be7 8. Be3 O-O 9. f4 Bd7 10. Nb3 Rc8
11. Bf3 a6 12. Nd4 Nxd4 13. Bxd4 Bb5 14. Nxb5 axb5 15. e5 dxe5 16. Bxe5 Qxd1 17. Raxd1 Rxc2 18. Bxb7 Rb8 19. Bxb8 Rxb2 20. Ra1 Nd7
21. Rfb1 Bc5+ 22. Kh1 Rf2 23. Be5 Nxe5 24. fxe5 h6 25. Rxb5 Bd4 26. Be4 f5
0-1